000 00652nam a22002177a 4500
001 113737
003 DR-UNIBE
005 20250609095327.0
008 250604b dr ||||| |||| 00| 0 spa d
020 _a9789945629545
040 _aBIBLIOTECA UNIBE
_cBIBLIOTECA UNIBE
_erda
041 _aspa
082 _aRD 921 T913d
100 1 _aTueni, Emely
_d1945-
_eautor
_9196245
245 1 0 _aDetalles de mi vida /
_cEmely Tueni
260 _aSanto Domingo :
_bBanco Central de la República Dominicana,
_c2025
300 _a298 páginas
600 1 4 _aTueni, Emely
_d1945-
_9196245
650 7 _2lemb
_aPeriodistas
_vBiografías
_9196248
942 _2ddc
_cBK
999 _c113737
_d113737